Sports Quiz

Random Sports or Football Quiz

AFL Bunker Quiz Stats

 Plays Quiz not verified by Sporcle

Also try: AFL Team Matchup
Challenge
Share
Tweet
Embed
Score 0/15 Timer 05:00
0 Plays Today
Question Answer % Correct
????
100%
????
93.7%
????
89%
????
85.7%
????
75.7%
????
65.3%
????
55.5%
????
46.3%
Question Answer % Correct
????
40.4%
????
36.7%
????
31.9%
????
25.1%
????
22.1%
????
17.3%
????
8.5%

You're not logged in!

Compare scores with friends on all Sporcle quizzes.
OR
Log In

You Might Also Like...

Show Comments

Extras

Top Quizzes Today


Score Distribution

Your Account Isn't Verified!

In order to create a playlist on Sporcle, you need to verify the email address you used during registration. Go to your Sporcle Settings to finish the process.

Report this User

Report this user for behavior that violates our Community Guidelines.

Details: